[Event "TUR-chT 2nd League"]
[Site "Denizli"]
[Date "2024.07.17"]
[Round "3.12"]
[White "Gulenc, Ahmet Fazil"]
[Black "Kayan, Veli"]
[Result "0-1"]
[WhiteElo "1881"]
[BlackElo "1889"]
[PlyCount "48"]
[EventDate "2024.07.15"]
[EventType "team-swiss"]
[EventRounds "9"]
[EventCountry "TUR"]
[SourceTitle "EXT 2025"]
[Source "ChessBase"]
[SourceDate "2024.10.14"]
[SourceVersion "1"]
[SourceVersionDate "2024.10.14"]
[SourceQuality "1"]
[WhiteTeam "Padisah"]
[BlackTeam "Cigli Batubey"]
[WhiteTeamCountry "TUR"]
[BlackTeamCountry "TUR"]

1. d4 Nf6 2. c4 g6 3. Nc3 Bg7 4. e4 d6 5. Bd3 Nc6 6. Nge2 e5 7. d5 Nd4 8. Ng3 h5 9. Bg5 h4 10. Nge2 h3 11. Nxd4 exd4 12. Ne2 hxg2 13. Rg1 Rxh2 14. Qd2 Qe7 15. 0-0-0 Nxe4 16. Bxe7 Nxd2 17. Bxd6 cxd6 18. Kxd2 Bg4 19. Rde1 0-0-0 20. Ng3 f5 21. Be2 Bxe2 22. Rxe2 Rdh8 23. Kc2 R8h4 24. b3 Be5 0-1

[Event "TUR-chT 2nd League"]
[Site "Denizli"]
[Date "2024.07.16"]
[Round "2.6"]
[White "Yanik, Murat"]
[Black "Gulenc, Ahmet Fazil"]
[Result "1-0"]
[WhiteElo "1932"]
[BlackElo "1881"]
[PlyCount "103"]
[EventDate "2024.07.15"]
[EventType "team-swiss"]
[EventRounds "9"]
[EventCountry "TUR"]
[SourceTitle "EXT 2025"]
[Source "ChessBase"]
[SourceDate "2024.10.14"]
[SourceVersion "1"]
[SourceVersionDate "2024.10.14"]
[SourceQuality "1"]
[WhiteTeam "Eskiseh Tasci"]
[BlackTeam "Padisah"]
[WhiteTeamCountry "TUR"]
[BlackTeamCountry "TUR"]

1. e4 c6 2. d4 d5 3. exd5 cxd5 4. Bd3 Nc6 5. c3 Nf6 6. Bf4 e6 7. Nf3 Bd6 8. Qd2 Qc7 9. Bxd6 Qxd6 10. Qg5 0-0 11. Nbd2 h6 12. Qg3 Qxg3 13. hxg3 Re8 14. 0-0 a6 15. a4 b6 16. b4 a5 17. b5 Ne7 18. c4 dxc4 19. Nxc4 Ned5 20. Nfe5 Rd8 21. Be2 Bb7 22. Bf3 Rab8 23. Rfc1 Nb4 24. Nc6 Bxc6 25. bxc6 Nfd5 26. Bxd5 Nxd5 27. Rab1 f6 28. Rb5 Nc7 29. Rxb6 Rxb6 30. Nxb6 Rxd4 31. Nc4 Rd5 32. Ne3 Re5 33. Kf1 Kf8 34. Ke2 Ke8 35. Kd3 f5 36. f3 Ke7 37. Kd4 Rxe3 38. Kxe3 Kd6 39. f4 Kd5 40. Kd3 h5 41. Ke3 g6 42. Kd3 Kd6 43. Kd4 Na6 44. Rc4 Kc7 45. Ke5 Nb4 46. Kxe6 Nd3 47. Kf7 Ne1 48. Kxg6 Nxg2 49. Kxh5 Ne3 50. Rc5 Nf1 51. Kh4 Nd2 52. Rxf5 1-0

[Event "TUR-chT 2nd League"]
[Site "Denizli"]
[Date "2024.07.15"]
[Round "1.13"]
[White "Ipek, Ekin"]
[Black "Gulenc, Ahmet Fazil"]
[Result "0-1"]
[WhiteElo "1874"]
[BlackElo "1881"]
[PlyCount "92"]
[EventDate "2024.07.15"]
[EventType "team-swiss"]
[EventRounds "9"]
[EventCountry "TUR"]
[SourceTitle "EXT 2025"]
[Source "ChessBase"]
[SourceDate "2024.10.14"]
[SourceVersion "1"]
[SourceVersionDate "2024.10.14"]
[SourceQuality "1"]
[WhiteTeam "Trabzon Feda"]
[BlackTeam "Padisah"]
[WhiteTeamCountry "TUR"]
[BlackTeamCountry "TUR"]

1. e4 e6 2. d4 d5 3. Nd2 Nf6 4. e5 Nfd7 5. Bd3 c5 6. c3 Nc6 7. Ne2 cxd4 8. cxd4 Bb4 9. 0-0 0-0 10. Nf3 Be7 11. Nf4 Re8 12. g3 Nf8 13. h4 f5 14. exf6 Bxf6 15. Nh5 Re7 16. Re1 Bd7 17. Ne5 Bxe5 18. dxe5 Rf7 19. Nf4 Rc8 20. Bd2 Qb6 21. b4 a6 22. Rb1 Qc7 23. Rc1 Qb8 24. Qh5 Ne7 25. Nh3 g6 26. Qg4 Nf5 27. h5 Rg7 28. h6 Rf7 29. Ng5 Re7 30. Nf3 Be8 31. Qg5 Rf7 32. Kg2 Bb5 33. Bxb5 axb5 34. g4 Ne7 35. Qe3 Rc4 36. Rxc4 dxc4 37. Ng5 Nd5 38. Qc5 Rc7 39. Qxb5 c3 40. Bc1 Qd8 41. Kg3 Qd7 42. Qxd7 Rxd7 43. a3 b5 44. Rd1 c2 45. Rd2 Rc7 46. Nxe6 Nxe6 0-1

[Event "TUR-chT Clubs"]
[Site "Konya"]
[Date "2019.07.21"]
[Round "9.23"]
[White "Gulenc, Ahmet Fazil"]
[Black "Kara, Recep"]
[Result "0-1"]
[WhiteElo "1880"]
[BlackElo "1511"]
[PlyCount "87"]
[EventDate "2019.07.16"]
[EventType "team-swiss"]
[EventRounds "9"]
[EventCountry "TUR"]
[SourceTitle "CBM 191 Extra"]
[Source "ChessBase"]
[SourceDate "2019.09.30"]
[SourceVersion "1"]
[SourceVersionDate "2019.09.30"]
[SourceQuality "1"]
[WhiteTeam "Gambit Dernegi"]
[BlackTeam "Nigde"]
[WhiteTeamCountry "TUR"]
[BlackTeamCountry "TUR"]

1. d4 c6 2. c4 d5 3. Nc3 Bf5 4. Bf4 e6 5. e3 Nf6 6. Bd3 Bxd3 7. Qxd3 Bb4 8. Nge2 0-0 9. 0-0 Bd6 10. Bxd6 Qxd6 11. f4 a6 12. c5 Qc7 13. b4 Nbd7 14. a4 b6 15. Rab1 Rfb8 16. Ng3 a5 17. cxb6 Rxb6 18. b5 c5 19. Qe2 Qd6 20. Rbc1 h6 21. e4 dxe4 22. Z0 c4 23. Qxc4 e3 24. Rce1 Nd5 25. Nge4 Qb4 26. Qd3 f5 27. Nxd5 exd5 28. Nc3 Nf6 29. Rxe3 Rc8 30. h3 Rcc6 31. Rb1 Rxc3 32. Qxc3 Qxb1+ 33. Kh2 Kh7 34. Qxa5 Ne4 35. Qe1 Qa2 36. Qd1 Rg6 37. Re2 Qa3 38. Qc2 Qb4 39. Qc8 Qxa4 40. Qxf5 Qxd4 41. Rc2 Qd3 42. Ra2 Qg3+ 43. Kg1 Qe1+ 44. Kh2 0-1

[Event "TUR Cup"]
[Site "Antalya"]
[Date "2017.02.02"]
[Round "8"]
[White "Gulenc, Ahmet Fazil"]
[Black "Can, Melih Kaan"]
[Result "0-1"]
[WhiteElo "1852"]
[BlackElo "2064"]
[PlyCount "106"]
[EventDate "2017.01.28"]
[EventType "swiss"]
[EventRounds "11"]
[EventCountry "TUR"]
[SourceTitle "CBM 176 Extra"]
[Source "ChessBase"]
[SourceDate "2017.03.02"]
[SourceVersion "1"]
[SourceVersionDate "2017.03.02"]
[SourceQuality "1"]

1. d4 Nf6 2. c4 c5 3. d5 e6 4. Nc3 exd5 5. cxd5 d6 6. e4 g6 7. Bd3 Bg7 8. Nge2 0-0 9. 0-0 Na6 10. a3 Nc7 11. Ng3 a6 12. a4 Rb8 13. Bg5 h6 14. Bf4 b5 15. Qd2 g5 16. Be3 Ng4 17. h3 Nxe3 18. fxe3 Qe7 19. Nf5 Bxf5 20. Rxf5 bxa4 21. Rxa4 Be5 22. Qc2 Rb6 23. Ra2 Rfb8 24. Nd1 Ne8 25. Bxa6 Ra8 26. Bc4 Rxa2 27. Bxa2 Ng7 28. Rf1 Nh5 29. Bc4 Ng3 30. Rf3 Rb8 31. Kf2 Nxe4+ 32. Kg1 g4 33. hxg4 Ng3 34. Nc3 Ra8 35. Na4 Qh4 36. b3 Qxg4 37. Bd3 h5 38. Bf5 Qh4 39. Bh7+ Kh8 40. Bd3 f5 41. Qb1 f4 42. Kf2 Ne4+ 43. Ke2 Rxa4 44. Bxe4 Ra1 45. Qxa1 Bxa1 46. Rxf4 Qg5 47. Bf3 Qe5 48. Rf8+ Kg7 49. Ra8 Bd4 50. e4 Qf4 51. Ra2 Qe3+ 52. Kd1 Qxb3+ 53. Rc2 Be3 0-1

[Event "TUR Cup"]
[Site "Antalya"]
[Date "2017.01.31"]
[Round "5"]
[White "Rzayev, Askar Aliakbar"]
[Black "Gulenc, Ahmet Fazil"]
[Result "1-0"]
[WhiteElo "2074"]
[BlackElo "1852"]
[PlyCount "95"]
[EventDate "2017.01.28"]
[EventType "swiss"]
[EventRounds "11"]
[EventCountry "TUR"]
[SourceTitle "CBM 176 Extra"]
[Source "ChessBase"]
[SourceDate "2017.03.02"]
[SourceVersion "1"]
[SourceVersionDate "2017.03.02"]
[SourceQuality "1"]

1. d4 e6 2. Bf4 d5 3. e3 c5 4. c3 Bd7 5. Nd2 Qb6 6. Qb3 c4 7. Qc2 f5 8. Ngf3 Nf6 9. h3 Bd6 10. Ne5 0-0 11. Ndxc4 dxc4 12. Nxc4 Qc6 13. Bxd6 Re8 14. Bxb8 Raxb8 15. Ne5 Qd6 16. Be2 Bc6 17. Nxc6 bxc6 18. 0-0 g5 19. b3 Rb7 20. Bf3 Rf8 21. e4 Qd7 22. Qe2 f4 23. Rad1 Qe8 24. e5 Nd5 25. Rc1 Rg7 26. Rfd1 Ne7 27. c4 Nf5 28. d5 c5 29. d6 Nh4 30. Kf1 Qd7 31. b4 Rc8 32. b5 Kf8 33. Be4 Qe8 34. g3 fxg3 35. fxg3 Ng6 36. Bxg6 Qxg6 37. Kg2 g4 38. h4 h5 39. Rf1+ Kg8 40. Rf6 Qe8 41. Rcf1 a6 42. a4 axb5 43. axb5 Ra8 44. Qe4 Ra3 45. Qc6 Qd8 46. Rxe6 Ra2+ 47. Kg1 Qa5 48. Qe8+ 1-0

[Event "TUR Cup"]
[Site "Antalya"]
[Date "2017.01.29"]
[Round "2"]
[White "Gulenc, Ahmet Fazil"]
[Black "Unsac, Yucel"]
[Result "1-0"]
[WhiteElo "1852"]
[BlackElo "1501"]
[PlyCount "65"]
[EventDate "2017.01.28"]
[EventType "swiss"]
[EventRounds "11"]
[EventCountry "TUR"]
[SourceTitle "CBM 176 Extra"]
[Source "ChessBase"]
[SourceDate "2017.03.02"]
[SourceVersion "1"]
[SourceVersionDate "2017.03.02"]
[SourceQuality "1"]

1. d4 d5 2. c4 e5 3. dxe5 d4 4. Bf4 Ne7 5. Nf3 Nbc6 6. e3 Ng6 7. Bg3 Bb4+ 8. Nbd2 dxe3 9. fxe3 Bg4 10. Be2 Bxf3 11. gxf3 Qxd2+ 12. Qxd2 Bxd2+ 13. Kxd2 0-0-0+ 14. Kc3 Ngxe5 15. Rad1 h6 16. Rd5 Ng6 17. Rhd1 Nge7 18. R5d2 Nf5 19. Bf2 Rxd2 20. Rxd2 Re8 21. e4 Nfe7 22. b4 Ng6 23. Bg3 Nce7 24. f4 Nf8 25. Bg4+ Kb8 26. a4 Nc6 27. e5 g6 28. b5 Ne7 29. Bf2 b6 30. Be3 Nc8 31. Kd4 Rd8+ 32. Ke4 Rxd2 33. Bxd2 1-0